MLB Year in Review 2011 - Statistics

General Stats
  • This quiz has been taken 3 times
  • The average score is 16 of 25
Answer Stats
Category Answer % Correct
NL Cy Young (LAD) Clayton Kershaw
100%
ERA Leader (2.28 LAD) Clayton Kershaw
100%
ALCS Loser Detroit Tigers
100%
AL MVP (DET) Justin Verlander
100%
AL Cy Young (DET) Justin Verlander
100%
Wins Leader (24 DET) Justin Verlander
100%
Strike Outs Leader (250 DET) Justin Verlander
100%
Doubles Leader (48 DET) Miguel Cabrera
100%
Batting Champion (.344 DET) Miguel Cabrera
100%
NLCS Loser Milwaukee Brewers
100%
Best Record (102 - 60) Philadelphia Phillies
100%
NL MVP (MIL) Ryan Braun
100%
World Series Winner St Louis Cardinals
100%
World Series Loser Texas Rangers
100%
Worst Record (56 - 106) Houston Astros
67%
RBI Leader (126 LAD) Matt Kemp
67%
WAR Leader (8.8 PHI) Roy Halladay
33%
Hits Leader (213 BOS, TEX) Adrian Gonzalez | Michael Young
0%
NL Rookie of the Year (ATL) Craig Kimbrel
0%
AL Rookie of the Year (TBR) Jeremy Hellickson
0%
Home Run Leader (43 TOR) Jose Bautista
0%
Triples Leader (16 NYM, PHI) Jose Reyes | Shane Victorino
0%
Saves Leader (49 DET) Jose Valverde
0%
Stolen Base Leader (61 HOU/ATL) Michael Bourn
0%
Name 1 HOF Inductee (RA, BB) Roberto Alomar | Bert Blyleven
0%
No matching quizzes found
Score Distribution
Percent of People with Each Score
Percentile by Number Answered
Your Score History
You have not taken this quiz